[Event "Zuerich op 33rd"]
[Site "Zuerich"]
[Date "2009.12.26"]
[Round "1"]
[White "Monnerat, David"]
[Black "Nuri, Kambez"]
[Result "0-1"]
[WhiteElo "1972"]
[BlackElo "2204"]
[PlyCount "50"]
[EventDate "2009.12.26"]
[EventType "swiss"]
[EventRounds "7"]
[EventCountry "SUI"]
[SourceTitle "CBM 134 Extra"]
[Source "ChessBase"]
[SourceDate "2010.03.03"]
[SourceVersion "1"]
[SourceVersionDate "2010.03.03"]
[SourceQuality "1"]

1. d4 Nf6 2. c4 d6 3. Nc3 g6 4. e4 Bg7 5. Nf3 0-0 6. Be2 Nbd7 7. 0-0 e5 8. dxe5 dxe5 9. Bg5 c6 10. Qc2 Qc7 11. Rad1 Nc5 12. b4 Ne6 13. Be3 Ng4 14. Bc1 Nd4 15. Nxd4 exd4 16. Bxg4 Bxg4 17. Ne2 c5 18. f3 Be6 19. Bf4 Qb6 20. b5 a6 21. Rb1 axb5 22. Rxb5 Rxa2 23. Qb3 Qa6 24. Re1 Ra3 25. Qb1 Bxc4 0-1

[Event "Zuerich op-B 32nd"]
[Site "Zuerich"]
[Date "2008.12.27"]
[Round "3"]
[White "Monnerat, David"]
[Black "Karrer, Peter"]
[Result "1-0"]
[WhiteElo "1966"]
[BlackElo "1878"]
[PlyCount "55"]
[EventDate "2008.12.26"]
[EventType "swiss"]
[EventRounds "7"]
[EventCountry "SUI"]
[SourceTitle "CBM 127 Extra"]
[Source "ChessBase"]
[SourceDate "2009.01.08"]
[SourceVersion "2"]
[SourceVersionDate "2009.01.28"]
[SourceQuality "1"]

1. d4 Nf6 2. c4 c5 3. d5 e5 4. Nc3 d6 5. e4 Be7 6. Be2 Nbd7 7. Be3 Nf8 8. Qd2 Ng6 9. h3 h5 10. Nf3 h4 11. Nh2 a6 12. a4 b6 13. 0-0 Bd7 14. Rfd1 Nh7 15. Bh5 Nhf8 16. Bg4 Bxg4 17. Nxg4 Nh7 18. Rab1 a5 19. Nb5 Nhf8 20. Rf1 Nd7 21. f4 exf4 22. Bxf4 Nde5 23. Bxe5 dxe5 24. d6 Bg5 25. d7+ Qxd7 26. Qxg5 Qe7 27. Qxe7+ Kxe7 28. Nc7 1-0

[Event "Zuerich op-A 30th"]
[Site "Zuerich"]
[Date "2006.12.27"]
[Round "2"]
[White "Teuschler, Hugo"]
[Black "Monnerat, David"]
[Result "1-0"]
[WhiteElo "2097"]
[BlackElo "1989"]
[PlyCount "33"]
[EventDate "2006.12.26"]
[EventType "swiss"]
[EventRounds "7"]
[EventCountry "SUI"]
[SourceTitle "CBM 116 Extra"]
[Source "ChessBase"]
[SourceDate "2007.03.07"]
[SourceVersion "1"]
[SourceVersionDate "2007.03.07"]
[SourceQuality "1"]

1. e4 e5 2. Nf3 Nc6 3. Nc3 Nf6 4. Bb5 Bc5 5. Nxe5 Nxe5 6. d4 Bb4 7. dxe5 Nxe4 8. Qd4 Nxc3 9. bxc3 Ba5 10. Ba3 Qg5 11. 0-0 a6 12. h4 Qh5 13. e6 axb5 14. Qxg7 Bxc3 15. exf7+ Qxf7 16. Rae1+ Qe6 17. Rxe6+ 1-0

[Event "Lugano op"]
[Site "Lugano"]
[Date "2006.11.17"]
[Round "1"]
[White "Monnerat, David"]
[Black "Csiszar, Csaba"]
[Result "0-1"]
[WhiteElo "1973"]
[BlackElo "2438"]
[PlyCount "104"]
[EventDate "2006.11.17"]
[EventType "swiss"]
[EventRounds "5"]
[EventCountry "SUI"]
[SourceTitle "EXT 2008"]
[Source "ChessBase"]
[SourceDate "2007.11.25"]
[SourceVersion "1"]
[SourceVersionDate "2007.11.25"]
[SourceQuality "1"]

1. d4 Nf6 2. Nc3 d5 3. Bg5 c5 4. dxc5 d4 5. Bxf6 gxf6 6. Ne4 Qd5 7. Nd2 Qxc5 8. Nb3 Qb4+ 9. Qd2 Qxd2+ 10. Nxd2 Nc6 11. c3 dxc3 12. bxc3 f5 13. Ngf3 Bg7 14. Rc1 Bd7 15. e3 Rc8 16. c4 Nb4 17. Nd4 f4 18. a3 fxe3 19. fxe3 Nc6 20. N2f3 Bh6 21. Rc3 Rg8 22. Kf2 e5 23. Nxc6 Bxc6 24. Be2 Bf8 25. Rd1 Bc5 26. g3 f6 27. Nh4 Kf7 28. Bh5+ Kf8 29. Bf3 e4 30. Bg2 Rg5 31. Bh3 Rc7 32. Be6 Ke7 33. Bh3 Bd7 34. Bxd7 Rxd7 35. Rxd7+ Kxd7 36. Ng2 Rh5 37. h4 Bd6 38. Nf4 Rc5 39. Rb3 b6 40. Nd5 Ke6 41. g4 Rxc4 42. Nc3 Be5 43. Nb5 a6 44. Nd4+ Bxd4 45. exd4 b5 46. Ke3 Kd5 47. g5 fxg5 48. hxg5 Rxd4 49. Kf4 Rd3 50. Rb1 Rxa3 51. Rh1 Rf3+ 52. Kg4 Rf7 0-1